Catálogo público

(Record no. 185631)

MARC details
000 -CABECERA
campo de control de longitud fija 01132nam a2200217Ia 4500
001 - NÚMERO DE CONTROL
campo de control IA_Para determinar si los buenos resultados logrados a nivel experimental se pueden lograr a nivel comercial, así como evaluar la viabilidad comercial del uso del desahuatado precosecha, se hicieron aplicaciones semanales consecutivas de dos formulaciones: ácido giberélico (50 ppm) en combinación con ethrel (700 y 900 ppm) a tres variedades comerciales de tuna.
008 - DATOS DE LONGITUD FIJA--INFORMACIÓN GENERAL
campo de control de longitud fija 220117s xx 000 0 und d
010 ## - NÚMERO DE CONTROL DE LA BIBLIOTECA DEL CONGRESO
Número de control de LC 185631
530 ## - NOTA DE FORMATO FÍSICO ADICIONAL DISPONIBLE
Nota de formato físico adicional disponible Disponible en PDF
650 ## - PUNTO DE ACCESO ADICIONAL DE MATERIA--TÉRMINO DE MATERIA
Término de materia o nombre geográfico como elemento de entrada Espinas de las plantas
Subdivisión general Tratamiento
9 (RLIN) 159752
650 #0 - PUNTO DE ACCESO ADICIONAL DE MATERIA--TÉRMINO DE MATERIA
Término de materia o nombre geográfico como elemento de entrada Opuntia ficus-indica
9 (RLIN) 153774
650 ## - PUNTO DE ACCESO ADICIONAL DE MATERIA--TÉRMINO DE MATERIA
Término de materia o nombre geográfico como elemento de entrada Plants spines
Subdivisión general Treatment
9 (RLIN) 159753
650 ## - PUNTO DE ACCESO ADICIONAL DE MATERIA--TÉRMINO DE MATERIA
Término de materia o nombre geográfico como elemento de entrada Tuna
Subdivisión general Desahuatado
9 (RLIN) 159754
700 1# - PUNTO DE ACCESO ADICIONAL--NOMBRE DE PERSONA
Nombre de persona Colinas y León, María Teresa Beryl
9 (RLIN) 163743
700 1# - PUNTO DE ACCESO ADICIONAL--NOMBRE DE PERSONA
Nombre de persona Corrales García, José Joel Enrique
9 (RLIN) 148339
700 ## - PUNTO DE ACCESO ADICIONAL--NOMBRE DE PERSONA
Nombre de persona Lira Sandoval, José Andrés, coaut.
9 (RLIN) 159755
700 ## - PUNTO DE ACCESO ADICIONAL--NOMBRE DE PERSONA
Nombre de persona Ponce Javana, Pedro Celestino, asesor
9 (RLIN) 163744
942 ## - ELEMENTOS DE PUNTO DE ACCESO ADICIONAL (KOHA)
Tipo de ítem Koha

No items available.